[Event "IECC CL6-2012.08 email"]
[Site "IECC email"]
[Date "2013.01.03"]
[Round "?"]
[White "Hutton, Andrew D"]
[Black "Gurgui, Dan Constantin"]
[Result "0-1"]
[WhiteElo "1286"]
[BlackElo "1395"]
[PlyCount "58"]
[EventDate "2012.??.??"]
[EventType "tourn (corr)"]
[EventRounds "4"]
[SourceTitle "Telechess CBM 165"]
[Source "ChessBase"]
[SourceDate "2015.03.11"]
[SourceVersion "1"]
[SourceVersionDate "2015.03.11"]
[SourceQuality "1"]
[WhiteTeam "Hong Kong"]
[WhiteTeamCountry "HKG"]

1. e4 d6 2. Nf3 Nf6 3. Nc3 Nc6 4. Bb5 a6 5. Ba4 b5 6. Bb3 Bg4 7. h3 Bxf3 8. gxf3 e6 9. d4 Na5 10. Bg5 h6 11. Bh4 Be7 12. Qd3 c5 13. dxc5 dxc5 14. Qxd8+ Rxd8 15. a3 Nxb3 16. cxb3 0-0 17. Nd1 Rd3 18. Ne3 g5 19. Bg3 Rxb3 20. Be5 Nd7 21. Bc3 b4 22. axb4 cxb4 23. Bd2 Ne5 24. Ke2 Rxb2 25. Rxa6 Rd8 26. Rd1 b3 27. Rb6 Bc5 28. Rb5 Bxe3 29. fxe3 Nc4 0-1

[Event "IECC CL6-2012.08 email"]
[Site "IECC email"]
[Date "2013.01.03"]
[Round "?"]
[White "Hutton, Andrew D"]
[Black "Phillips, David A"]
[Result "0-1"]
[WhiteElo "1238"]
[BlackElo "1271"]
[PlyCount "122"]
[EventDate "2012.??.??"]
[EventType "tourn (corr)"]
[EventRounds "4"]
[SourceTitle "Telechess CBM 165"]
[Source "ChessBase"]
[SourceDate "2015.03.11"]
[SourceVersion "1"]
[SourceVersionDate "2015.03.11"]
[SourceQuality "1"]
[WhiteTeam "Hong Kong"]
[BlackTeam "England"]
[WhiteTeamCountry "HKG"]
[BlackTeamCountry "ENG"]

1. e4 e6 2. Nc3 Nc6 3. Nf3 g6 4. d4 Bg7 5. Be3 Nge7 6. Qd2 0-0 7. 0-0-0 d6 8. Bb5 Bd7 9. a3 a6 10. Ba4 b5 11. Bb3 f5 12. g3 fxe4 13. Ng5 d5 14. Ne2 Nf5 15. Bf4 Ra7 16. h4 Nfxd4 17. Nxd4 Nxd4 18. Be3 Nxb3+ 19. cxb3 Rb7 20. Qe2 Qe7 21. b4 Qd8 22. Kb1 e5 23. Rxd5 c6 24. Rd6 Qe7 25. Bc5 Qe8 26. g4 Rf6 27. Nxe4 Rf4 28. f3 Be6 29. Rd3 Bc4 30. Nd6 Bxd3+ 31. Qxd3 Qd7 32. Qb3+ Kh8 33. Nxb7 Qxb7 34. Qe6 Qf7 35. Qc8+ Bf8 36. Rh3 e4 37. Bxf8 Qxf8 38. Qxf8+ Rxf8 39. fxe4 Rf4 40. Re3 Rxg4 41. e5 Kg8 42. e6 Kf8 43. e7+ Ke8 44. h5 gxh5 45. Re6 Rg6 46. Re5 Rh6 47. Kc2 h4 48. Kd3 h3 49. Re1 h2 50. Rh1 Kxe7 51. Kd4 Kd6 52. Ke4 Re6+ 53. Kf3 Rf6+ 54. Kg3 c5 55. bxc5+ Kxc5 56. Rxh2 Rg6+ 57. Kf4 h6 58. b3 Kd4 59. Rh3 Rc6 60. Kf5 Rc3 61. Rxh6 a5 0-1

[Event "IECC CL6-2012.04 email"]
[Site "IECC email"]
[Date "2012.06.15"]
[Round "?"]
[White "Phillips, David A"]
[Black "Hutton, Andrew D"]
[Result "1-0"]
[WhiteElo "1265"]
[BlackElo "1266"]
[PlyCount "67"]
[EventDate "2012.??.??"]
[EventType "tourn (corr)"]
[EventRounds "4"]
[SourceTitle "Telechess CBM 165"]
[Source "ChessBase"]
[SourceDate "2015.03.11"]
[SourceVersion "1"]
[SourceVersionDate "2015.03.11"]
[SourceQuality "1"]
[WhiteTeam "England"]
[BlackTeam "Hong Kong"]
[WhiteTeamCountry "ENG"]
[BlackTeamCountry "HKG"]

1. d4 g6 2. c4 Bg7 3. Nc3 Nf6 4. e4 0-0 5. Be3 d6 6. f3 b6 7. e5 dxe5 8. dxe5 Nfd7 9. f4 Bb7 10. Nf3 Na6 11. Bd3 Ndc5 12. Be2 Qe8 13. 0-0 Rd8 14. Qc2 Nb4 15. Qc1 a6 16. Bxc5 bxc5 17. Rd1 Rxd1+ 18. Qxd1 Nc6 19. Ne4 Qa8 20. Nxc5 Rd8 21. Qe1 e6 22. b3 Qa7 23. Qf2 Ba8 24. g3 Bf8 25. Ne4 Nd4 26. Nf6+ Kh8 27. Kf1 Bc5 28. Nxd4 Bxd4 29. Rd1 Bxf2 30. Rxd8+ Kg7 31. Rg8+ Kh6 32. Ng4+ Kh5 33. Nxf2+ Kh6 34. g4 1-0

[Event "IECC CL6-2011.08 email"]
[Site "IECC email"]
[Date "2011.06.24"]
[Round "?"]
[White "D'Aragona, Vittoria"]
[Black "Hutton, Andrew D"]
[Result "1/2-1/2"]
[WhiteElo "1444"]
[BlackElo "1282"]
[PlyCount "41"]
[EventDate "2011.??.??"]
[EventType "tourn (corr)"]
[EventRounds "4"]
[SourceTitle "Telechess CBM 145"]
[Source "Chessbase"]
[SourceDate "2011.11.11"]
[SourceVersion "1"]
[SourceVersionDate "2011.11.11"]
[SourceQuality "1"]
[WhiteTeam "Italy"]
[BlackTeam "Hong Kong"]
[WhiteTeamCountry "ITA"]
[BlackTeamCountry "HKG"]

1. e4 e5 2. f4 b6 3. d3 Bb7 4. fxe5 Nc6 5. Nf3 Be7 6. d4 d6 7. Bb5 a6 8. Bxc6+ Bxc6 9. d5 Bb5 10. Nc3 Qd7 11. a4 Bxa4 12. Nxa4 b5 13. Nc3 b4 14. Na2 Qb5 15. Nd4 Qb6 16. e6 Nf6 17. exf7+ Kxf7 18. Be3 Nxe4 19. Qh5+ g6 20. 0-0+ Kg8 21. Qg4 1/2-1/2

[Event "IECC CL6-2011.08 email"]
[Site "IECC email"]
[Date "2011.06.24"]
[Round "?"]
[White "Hutton, Andrew D"]
[Black "Gideon, Daniel"]
[Result "0-1"]
[WhiteElo "1335"]
[BlackElo "1391"]
[PlyCount "74"]
[EventDate "2011.??.??"]
[EventType "tourn (corr)"]
[EventRounds "4"]
[SourceTitle "Telechess CBM 149"]
[Source "ChessBase"]
[SourceDate "2012.07.17"]
[SourceVersion "1"]
[SourceVersionDate "2012.07.17"]
[SourceQuality "1"]
[WhiteTeam "Hong Kong"]
[BlackTeam "Canada"]
[WhiteTeamCountry "HKG"]
[BlackTeamCountry "CAN"]

1. e4 e5 2. Nf3 Nc6 3. Bb5 a6 4. Bxc6 dxc6 5. 0-0 Qd6 6. h3 c5 7. c4 Be6 8. b3 0-0-0 9. Nc3 Ne7 10. Bb2 f6 11. Qe2 c6 12. Rfd1 Ng6 13. Ne1 Nf4 14. Qe3 Nd3 15. Nxd3 Qxd3 16. Qxd3 Rxd3 17. Rac1 Be7 18. Rc2 Kc7 19. Ba3 b6 20. Na4 Rhd8 21. Bc1 g5 22. Nb2 R3d7 23. g4 h5 24. f3 Rh8 25. Kg2 Rdd8 26. d3 Rh7 27. Be3 hxg4 28. fxg4 Rdh8 29. Rh1 Bxg4 30. Kg1 Rxh3 31. Rch2 Rg3+ 32. Kf2 Rf3+ 33. Kg2 Rxh2+ 34. Rxh2 Rxe3 35. Kf2 Re2+ 36. Kg3 Rxh2 37. Kxh2 f5 0-1

[Event "IECC CL5-2011.01 email"]
[Site "IECC email"]
[Date "2011.01.25"]
[Round "?"]
[White "Hutton, Andrew D"]
[Black "Ratliff, Charles"]
[Result "1/2-1/2"]
[WhiteElo "1294"]
[BlackElo "1501"]
[PlyCount "22"]
[EventDate "2011.??.??"]
[EventType "tourn (corr)"]
[EventRounds "4"]
[SourceTitle "Corr 2013"]
[Source "ChessBase"]
[SourceDate "2012.11.12"]
[SourceVersion "1"]
[SourceVersionDate "2012.11.12"]
[SourceQuality "1"]
[WhiteTeam "Hong Kong"]
[BlackTeam "US of America"]
[WhiteTeamCountry "HKG"]
[BlackTeamCountry "USA"]

1. d4 Nf6 2. Nc3 d5 3. Bg5 Bf5 4. Nf3 Nbd7 5. g3 h6 6. Bxf6 Nxf6 7. Bg2 e6 8. 0-0 Be7 9. Re1 0-0 10. a3 Rc8 11. Nh4 Bh7 1/2-1/2

[Event "IECC CL6-2009.31 email"]
[Site "IECC email"]
[Date "2010.01.07"]
[Round "?"]
[White "Hutton, Andrew D"]
[Black "Boyd, John Michael"]
[Result "1-0"]
[WhiteElo "1278"]
[BlackElo "1334"]
[PlyCount "81"]
[EventDate "2009.??.??"]
[EventType "tourn (corr)"]
[EventRounds "4"]
[SourceTitle "Corr 2013"]
[Source "ChessBase"]
[SourceDate "2012.11.12"]
[SourceVersion "1"]
[SourceVersionDate "2012.11.12"]
[SourceQuality "1"]
[WhiteTeam "Netherlands"]
[BlackTeam "Italy"]
[WhiteTeamCountry "NED"]
[BlackTeamCountry "ITA"]

1. d4 d6 2. Nf3 g6 3. e4 Bg7 4. Bd3 Nf6 5. 0-0 0-0 6. Be3 Bg4 7. Nbd2 c6 8. c4 Na6 9. Be2 Bxf3 10. Bxf3 e5 11. d5 cxd5 12. exd5 b6 13. Re1 Nd7 14. Ne4 Rc8 15. Nxd6 Rc7 16. Qe2 Nac5 17. Nb5 e4 18. Nxc7 exf3 19. gxf3 Qxc7 20. Rad1 a5 21. Bg5 Qd6 22. Be7 Qf4 23. Qe3 Qf5 24. Bxf8 Nxf8 25. b3 h5 26. d6 Kh7 27. Rd5 Qh3 28. Qe7 Qxf3 29. Re3 Qg4+ 30. Rg3 Qf4 31. Qe3 Bh6 32. Qxf4 Bxf4 33. Rf3 g5 34. h4 f6 35. a3 Ncd7 36. b4 axb4 37. axb4 Ne6 38. hxg5 fxg5 39. Ra3 Nf6 40. Rb5 Nd7 41. Ra7 1-0

[Event "IECC CL6-2009.23 email"]
[Site "IECC email"]
[Date "2009.09.22"]
[Round "?"]
[White "Hutton, Andrew D"]
[Black "Boyer, Mark"]
[Result "1-0"]
[WhiteElo "1245"]
[BlackElo "1216"]
[PlyCount "63"]
[EventDate "2009.??.??"]
[EventType "tourn (corr)"]
[EventRounds "4"]
[SourceTitle "Telechess CBM 137"]
[Source "ChessBase"]
[SourceDate "2010.07.15"]
[SourceVersion "1"]
[SourceVersionDate "2010.07.15"]
[SourceQuality "1"]
[WhiteTeam "Hong Kong"]
[BlackTeam "US of America"]
[WhiteTeamCountry "HKG"]
[BlackTeamCountry "USA"]

1. d4 d5 2. Nc3 e6 3. g3 Bb4 4. Bg2 Nf6 5. Bd2 Nc6 6. Nf3 0-0 7. a3 Bd6 8. 0-0 Ng4 9. h3 Nf6 10. Re1 Ne4 11. e3 e5 12. Nxd5 Qd7 13. Nxe5 Bxe5 14. Bxe4 Qxh3 15. dxe5 Nxe5 16. Bg2 Qg4 17. Bc3 Qxd1 18. Raxd1 Bg4 19. Rd4 Rae8 20. Bb4 Nd7 21. Rxg4 Re5 22. Bxf8 Kxf8 23. Rd1 c6 24. Nc7 h5 25. Rgd4 Kg8 26. Rxd7 b5 27. Rd8+ Kh7 28. Bxc6 Rc5 29. Be4+ Kh6 30. Rh8+ Kg5 31. Rd5+ Kg4 32. Rhxh5 1-0

[Event "IECC Swiss-537.2"]
[Site "IECC email"]
[Date "2009.04.28"]
[Round "?"]
[White "Bearce, Harold L"]
[Black "Hutton, Andrew D"]
[Result "1/2-1/2"]
[WhiteElo "1251"]
[BlackElo "1273"]
[PlyCount "51"]
[EventDate "2009.??.??"]
[EventType "tourn (corr)"]
[EventRounds "1"]
[SourceTitle "Telechess CBM 137"]
[Source "ChessBase"]
[SourceDate "2010.07.15"]
[SourceVersion "1"]
[SourceVersionDate "2010.07.15"]
[SourceQuality "1"]
[WhiteTeam "US of America"]
[BlackTeam "Hong Kong"]
[WhiteTeamCountry "USA"]
[BlackTeamCountry "HKG"]

1. d4 g6 2. e4 Bg7 3. f4 d6 4. Nc3 Nd7 5. Nf3 b6 6. Bd3 Bb7 7. Be3 e5 8. d5 Qe7 9. Qd2 0-0-0 10. 0-0-0 exf4 11. Bxf4 Kb8 12. Kb1 Ngf6 13. Be3 Rhe8 14. Bg5 a6 15. Rhe1 Ne5 16. Nxe5 dxe5 17. Rf1 Rd6 18. Rf3 Bc8 19. h3 Qf8 20. Bxf6 Rxf6 21. Rdf1 Rxf3 22. Rxf3 f6 23. a3 Qe7 24. g4 g5 25. Na2 Ka7 26. c4 1/2-1/2

[Event "IECC CL6-2009.07 email"]
[Site "IECC email"]
[Date "2009.04.11"]
[Round "?"]
[White "Urbaniak, Marcin"]
[Black "Hutton, Andrew D"]
[Result "1-0"]
[WhiteElo "1367"]
[BlackElo "1299"]
[PlyCount "51"]
[EventDate "2009.??.??"]
[EventType "tourn (corr)"]
[EventRounds "4"]
[SourceTitle "Corr 2011"]
[Source "ChessBase"]
[SourceDate "2010.08.31"]
[SourceVersion "1"]
[SourceVersionDate "2010.08.31"]
[SourceQuality "1"]
[WhiteTeam "Poland"]
[BlackTeam "Hong Kong"]
[WhiteTeamCountry "POL"]
[BlackTeamCountry "HKG"]

1. Nf3 g6 2. d4 Bg7 3. e4 d6 4. c3 Nf6 5. Bd3 0-0 6. 0-0 Nbd7 7. Be3 b6 8. h3 Bb7 9. Nbd2 h6 10. Re1 e5 11. d5 Nc5 12. Bc2 c6 13. c4 cxd5 14. exd5 Nfd7 15. b4 e4 16. bxc5 dxc5 17. Nxe4 Bxa1 18. Qxa1 Kh7 19. Qc1 Rb8 20. Bxh6 Rh8 21. Neg5+ Kg8 22. Nxf7 Kxf7 23. Qf4+ Qf6 24. Ng5+ Kg8 25. Qxb8+ Nf8 26. Bxf8 1-0